Overwatch Hero Nationalities - Statistics

General Stats
  • This quiz has been taken 3,795 times
    2,954 since last reset
  • The average score is 22 of 28
Answer Stats
Hint Answer % Correct
Ashe United States
96%
Ana Egypt
91%
Genji Japan
91%
Hanzo Japan
91%
McCree United States
91%
Mei China
87%
D.Va South Korea
87%
Soldier:76 United States
87%
Junkrat Australia
86%
Pharah Egypt
85%
Widowmaker France
85%
Zarya Russia
85%
Lucio Brazil
84%
Reinhardt Germany
84%
Tracer United Kingdom
84%
Reaper United States
84%
Sombra Mexico
83%
Brigitte Sweden
83%
Roadhog Australia
82%
Torbjörn Sweden
82%
Symmetra India
76%
Mercy Switzerland
75%
Zenyatta Nepal
69%
Moira Ireland
66%
Doomfist Nigeria
62%
Baptiste Haiti
59%
Sigma Netherlands
58%
Orisa Numbani
49%
No matching quizzes found
Score Distribution
Percent of People with Each Score
Percentile by Number Answered
Your Score History
You have not taken this quiz since the last reset